| 000 | 01208cab a2200193 4500 | ||
|---|---|---|---|
| 001 | ABS41125 | ||
| 008 | 090401t1989 xxu||||| |||| 00| 0 eng d | ||
| 035 | _a(Sirsi) u28346 | ||
| 041 | _aeng | ||
| 245 | _aWhite v Barnet LBC | ||
| 260 | _c1989 | ||
| 350 | _a0 | ||
| 490 |
_aWeekly Law Reports _v(1989) 3 WLR 131-138(8) |
||
| 520 | _aCA 7 March 1989 A house was divided into two flats , one of which was let under a long lease with a low rent and the other was a statutory tenancy at a registered rent. In 1987 the local authority served on the freeholder and tenants under the Housing Act 1985 s190 , a statutory notice to repair . The statutory tenant appealed to the cc who allowed the appeal on the ground that a statutory tenant was not a "person having control" of the house under s207 of the Act. On appeal by the council, CA held that as the statutory tenant was paying a rack rent she was not a "person having control" of the house and therefore the repair notice served on her was invalid. | ||
| 650 | _aPROPERTY-RESIDENTIAL PROPERTY-RESIDENTIAL LANDLORD AND TENANT-RESIDENTIAL TENANCIES | ||
| 690 | _aLANDLORD AND TENANT-CASE LAW-RESIDENTIAL TENANCIES | ||
| 942 | _n0 | ||
| 948 | _c04/03/1997 | ||
| 999 |
_c19101 _d19101 |
||